Länder nach Sehenswürdigkeiten#1 (Europa) - Statistiken

Allgemein
  • Dieses Quiz wurde 404 mal gespielt
  • Das Durchschnittsergebnis liegt bei 9 aus 20
Antwortstatistiken
Bildquiz Antwort % Korrekt
Italien
91%
Deutschland
90%
Irland
86%
Russland
85%
Schweiz
84%
Italien
66%
Monaco
61%
Frankreich
52%
Österreich
46%
Island
32%
Portugal
30%
Ukraine
29%
Norwegen
28%
Bulgarien
22%
Malta
21%
Polen
21%
Belgien
18%
Estland
16%
Litauen
10%
Serbien
5%
Keine übereinstimmenden Quizze gefunden
Verteilung der Resultate
Anzahl Personen mit jedem Resultat
Perzentil nach korrekt beantworteten Fragen
Ihre Resultats-Entwicklung
Sie haben dieses Quiz noch nicht gespielt